000
00220nam a2200097Ia 4500
008
220204s9999 xx 000 0 und d
082
_a
82-34
_b
TAL
245
0
_a
Tales from Punjab
260
_a
Bombay
_b
Subhash
942
_c
BK
999
_c
37487
_d
37487